Snímače a akčné členy v technologických a robotických systémoch Celoštátny seminár

Bibliographic Details
Format: Book
Language:Slovak
PhysicalDescription:145 s. Lit., sch.
Published: Bratislava Dom techniky ČSVTS 1985
Edition:1. vyd.
Subjects:

MARC

LEADER 00000nam a22000001i 4500
001 vtls009739679
003 SK-MaSNL
005 20260301082506.0
008 250313s1985 xo r 000 slo
020 |c 25,-Kčs 
035 |a (SVKBBclas03)vtls000111743 
035 |a urn:nbn:sk:snk-amyg2n 
035 |a urn:nbn:sk:snk-am00cm0k 
035 |a DAC1CC02-E183-4296-8EB3-AAF70A400B8C 
040 |a SNK  |b slo  |c SNK  |e AACR2 
041 0 |a slo 
044 |a xo  |c SK 
080 |a 621.317.39.084.2  |2 1981 
080 |a 621-523  |2 1981 
245 0 0 |a Snímače a akčné členy v technologických a robotických systémoch  |b Celoštátny seminár 
250 |a 1. vyd. 
260 |a Bratislava  |b Dom techniky ČSVTS  |c 1985 
300 |a 145 s.  |b Lit., sch. 
650 0 7 |a priemyselné roboty  |2 SNKPH  |9 31851 
650 0 7 |a elektrické snímače  |2 SNK  |9 407532 
852 |a Slovenská národná knižnica 
958 |a OND 
999 |c 658639  |d 660569 
952 |a SNK  |b SNK  |y PREZ  |7 0  |p 17A0887726  |o snkSD 56899  |i snkKSP 5455/85  |0 0  |1 0  |4 0  |d 2012-03-26  |f 1  |l 0  |r 2026-02-23 18:45:27  |w 2026-02-23